I'm Just Ken - Ryan Gosling (All Lyrics) - Statistics

General Stats
  • This quiz has been taken 1,855 times
  • The average score is 172 of 249
Answer Stats
Answer % Correct
I
100%
I)
100%
a
99%
Ken
99%
just
98%
I'm
97%
be
94%
to
88%
ten
86%
it
84%
see
83%
and
82%
And
82%
(and
82%
else
81%
I'd
81%
Anywhere
79%
Is
79%
is
79%
my
79%
My
79%
the
79%
what
79%
do
77%
me
77%
me?
77%
love
76%
she
76%
Where
73%
for
72%
friend
71%
man
71%
life
70%
live
70%
of
70%
destiny
69%
in
69%
sees
69%
her
68%
No
68%
no
68%
so
66%
So
66%
Am
65%
am
65%
blond
64%
Can
63%
take
63%
always
62%
matter
61%
will
61%
die
60%
two
60%
behind
59%
Doesn't
59%
that
59%
you
59%
number
58%
when
58%
seem
57%
feel
56%
fight
55%
know
55%
fragility?
54%
but
53%
how
53%
enough)
52%
All
51%
at
51%
one
51%
can't
49%
have
48%
I'll
48%
tan
48%
hard
47%
yeah
46%
'Cause
45%
doing
44%
great
44%
not
44%
stuff
44%
alone
43%
feelings
43%
feelings?
43%
it's
43%
like
43%
been
42%
explain
41%
insane
41%
knows
41%
mine
41%
out
41%
real
41%
tonight
41%
Drivin'
40%
Kenergy?
40%
Kenergy
40%
hey
39%
polite
39%
sleep
39%
name's
37%
tried
37%
check
36%
hand
36%
Put
35%
thing
35%
manly
33%
wanna
33%
hot
30%
or
29%
Baby
27%
Feels
27%
world
26%
dreamer
25%
dreaming?
24%
here
24%
crime?
22%
finally
18%
moment
14%
oh-oh
14%
No matching quizzes found
Score Distribution
Percent of People with Each Score
Percentile by Number Answered
Your Score History
You have not taken this quiz